000 00570cam a2200193 4500500
005 20260405002203.0
041 _afre
042 _adc
100 1 0 _aPortevin, Catherine
_eauthor
245 0 0 _aMon dîner chez les cannibales
260 _c2016.
500 _a52
690 _aDignité
690 _aMinimalisme
690 _aPréjudice
690 _aRuwen Ogien
786 0 _nPhilosophie magazine | 98 | 4 | 2016-04-01 | p. 71-71 | 1951-1787
856 4 1 _uhttps://shs.cairn.info/magazine-philosophie-magazine-2016-4-page-71?lang=fr&redirect-ssocas=7080
999 _c2055183
_d2055183